000
00300nam a22001337a 4500
008
170331b xxu||||| |||| 00| 0 eng d
020
_a
0887386903
041
_a
eng
080
_a
616-053.2
100
_a
8
101
_a
SHM
245
_a
CHILDREN WITH SPECIAL NEEDS
_c
BARTLETT, K.T
942
_2
udc
_c
BK
999
_c
9279
_d
9279